000
00280nam a22001217a 4500
008
170302b xxu||||| |||| 00| 0 eng d
041
_a
eng
080
_2
3 ED
_a
SHM
100
_a
6
101
_a
SHM
245
_a
VASCULAR AND INTERVENTIONAL RADIOLOGY
_c
ABRAMS,H.L
942
_2
udc
_c
BK
999
_c
6631
_d
6631